Statistics for Road Trip Movies

Click here to take the quiz!

General Stats

  • This quiz has been taken 5,791 times
    (5,779 since last reset)
  • The average score is 10 of 19

Answer Stats

ClueMovie% Correct
Two morons drive from Rhode Island to Colorado to return a missing briefcaseDumb & Dumber
84%
Two ladies run from the cops and drive into a canyon to avoid being apprehendedThelma and Louise
76%
Kazakh man travels to the US and A to make a documentaryBorat
74%
Selfish car salesman takes his autistic brother to VegasRain Man
74%
A Kansas girl and her new companions travel on foot to ask a sorcerer for helpThe Wizard of Oz
74%
Well-intentioned dad takes his family to Wally World in a station wagonNational Lampoon's Vacation
61%
Dysfunctional family take a Volkswagen Microbus to a beauty contestLittle Miss Sunshine
58%
An executive and a salesman take multiple modes of
transportation to get home for Thanksgiving
Planes, Trains, and
Automobiles
56%
Musicians on a mission from God get the band back togetherThe Blues Brothers
55%
Bow-tied manchild crosses the country to find his stolen custom bicyclePee Wee's Big Adventure
52%
Hippies cruise their motorcycles from California to New OrleansEasy Rider
50%
Depression era Oklahoma farmers move to California to search for workThe Grapes of Wrath
48%
A drug dealer takes his fake family to Mexico to pick up lots of drugsWe're the Millers
40%
A writer and English teacher travel through California wine countrySideways
37%
Soda company executive takes family across country in a rented motorhomeRV
33%
Che Guevara and his friend ride a motorcycle across South AmericaThe Motorcycle Diaries
33%
Mustachioed hero avoids the law to transport beer across state linesSmokey and the Bandit
32%
Very strange guy accompanies a soon-to-be dad to the birth of his childDue Date
31%
Strangers race across country to find money buried "under a big W"It's a Mad, Mad, Mad,
Mad World
23%

Score Distribution

Percentile by Number Answered

Percent of People with Each Score

Your Score History

You have not taken this quiz since the last reset